[Event "FIDE World Blitz 2013"]
[Site "Khanty-Mansiysk RUS"]
[Date "2013.06.10"]
[Round "23.11"]
[White "Khismatullin, Denis"]
[Black "Guseinov, Gadir"]
[Result "1/2-1/2"]
[WhiteTitle "GM"]
[BlackTitle "GM"]
[WhiteElo "2658"]
[BlackElo "2631"]
[WhiteFideId "4142578"]
[BlackFideId "13401378"]
[EventDate "2013.06.09"]

1. Nf3 g6 2. c4 Bg7 3. g3 d6 4. Bg2 e5 5. d4 exd4 6. Nxd4 Ne7 7. Nc3 O-O 8. O-O
Nbc6 9. Nxc6 bxc6 10. Qc2 Rb8 11. b3 c5 12. Bb2 Bf5 13. Qd2 Qd7 14. Rad1 Bh3 15.
Bxh3 Qxh3 16. Ne4 Qe6 17. Bxg7 Kxg7 18. Nc3 h5 19. Qf4 a6 20. Rd3 Qf5 21. Qxf5
Nxf5 22. Nd5 Rb7 23. e3 a5 24. Nc3 Ne7 25. Rfd1 Nc6 26. f4 Re8 27. Kf2 Nb4 28.
R3d2 Nc6 29. Kf3 Nb4 30. h3 Nc6 31. Rh1 Rh8 32. Rhd1 Re8 33. g4 hxg4+ 34. hxg4
Rh8 35. Kg3 Rbb8 36. Rh2 Rxh2 37. Kxh2 Re8 38. Re1 Nd4 39. Kg3 Nc2 40. Re2 Rxe3+
41. Rxe3 Nxe3 42. Nb5 Nc2 43. Nxc7 Nb4 44. Ne8+ Kf8 45. Nxd6 Nxa2 46. Nb7 Nc1
47. Nxc5 Ke7 48. Kf3 Kd6 49. Nb7+ Kc7 50. Nxa5 Kb6 51. b4 Nd3 52. Ke4 Nxb4 53.
Nb3 Kc6 54. Ke5 Nd3+ 55. Kf6 Nxf4 56. Kxf7 Ng2 57. g5 Nf4 58. Kf6 Kd6 59. Nd2
Kc5 60. Ke5 Nh3 61. Kf6 Nf4 62. Kf7 Kd4 63. Ke7 Kc5 64. Kf6 Kd4 65. Ke7 Kc5 66.
Kf7 Kd4 67. Kf6 Kc5 68. Ke5 Nh3 69. Kf6 Nf4 1/2-1/2

[Event "FIDE World Blitz 2013"]
[Site "Khanty-Mansiysk RUS"]
[Date "2013.06.10"]
[Round "23.14"]
[White "Zvjaginsev, Vadim"]
[Black "Cheparinov, Ivan"]
[Result "1-0"]
[WhiteTitle "GM"]
[BlackTitle "GM"]
[WhiteElo "2659"]
[BlackElo "2678"]
[WhiteFideId "4113403"]
[BlackFideId "2905540"]
[EventDate "2013.06.09"]

1. e4 c5 2. Nf3 d6 3. d4 Nf6 4. Bb5+ Bd7 5. Bxd7+ Qxd7 6. dxc5 Nxe4 7. cxd6 Qxd6
8. Qe2 Nf6 9. O-O e6 10. Nc3 a6 11. Bg5 Be7 12. Rad1 Qc7 13. Bxf6 gxf6 14. Nd4
Nc6 15. Nxe6 fxe6 16. Qxe6 Rd8 17. Rxd8+ Nxd8 18. Qg4 Qd7 19. Qh5+ Nf7 20. Rd1
Qe6 21. Nd5 O-O 22. Qf5 Qe2 23. Qd3 Qe6 24. Qf5 Qe2 25. Qd3 Qe6 26. Qf5 Qd6 27.
g3 Bd8 28. Qg4+ Kh8 29. Nf4 Qe5 30. Rd7 Qe1+ 31. Kg2 Qe4+ 32. Kg1 Qe1+ 33. Kg2
Qe4+ 34. Kg1 Rg8 35. Qe6 Ne5 36. Rxd8 Nf3+ 37. Kg2 Nh4+ 38. Kh3 1-0

[Event "FIDE World Blitz 2013"]
[Site "Khanty-Mansiysk RUS"]
[Date "2013.06.10"]
[Round "23.15"]
[White "Riazantsev, Alexander"]
[Black "Artemiev, Vladislav"]
[Result "1-0"]
[WhiteTitle "GM"]
[BlackTitle "IM"]
[WhiteElo "2708"]
[BlackElo "2524"]
[WhiteFideId "4125029"]
[BlackFideId "24101605"]
[EventDate "2013.06.09"]

1. d4 g6 2. e4 Bg7 3. c4 c5 4. d5 d6 5. Nc3 e6 6. Nf3 Ne7 7. Bf4 e5 8. Bd2 Nd7
9. h4 h6 10. h5 g5 11. g4 Nf6 12. Nh2 Bd7 13. f3 Qc7 14. Bd3 a6 15. Nf1 Rb8 16.
Qe2 Nc8 17. Ne3 Na7 18. a3 b5 19. b4 bxc4 20. Nxc4 Nb5 21. Nxb5 axb5 22. Na5 c4
23. Bc2 O-O 24. Be3 Rfc8 25. Kf2 Bf8 26. Kg2 Be7 27. Qd2 Bd8 28. Qc3 Be8 29.
Rhc1 Qe7 30. Rcb1 Bb6 31. Bxb6 Rxb6 32. a4 Rcb8 33. axb5 Bxb5 34. Ba4 Bxa4 35.
Rxa4 Qd7 36. Nc6 Rxc6 37. dxc6 Qxc6 38. Raa1 Rb5 39. Rc1 Kg7 40. Qxc4 Qb7 41.
Qc7 Rxb4 42. Ra7 Rb2+ 43. Kh3 Qb3 44. Rc3 Qe6 45. Kg3 d5 46. Rc6 Qe8 47. Qd6 Nh7
48. Qxh6+ Kg8 49. Rg6+ 1-0

[Event "FIDE World Blitz 2013"]
[Site "Khanty-Mansiysk RUS"]
[Date "2013.06.10"]
[Round "23.16"]
[White "Rakhmanov, Aleksandr"]
[Black "Vitiugov, Nikita"]
[Result "0-1"]
[WhiteTitle "GM"]
[BlackTitle "GM"]
[WhiteElo "2602"]
[BlackElo "2734"]
[WhiteFideId "4173708"]
[BlackFideId "4152956"]
[EventDate "2013.06.09"]

1. d4 Nf6 2. Nf3 e6 3. e3 b6 4. Bd3 Bb7 5. O-O d5 6. b3 Bd6 7. Bb2 O-O 8. Nbd2
Nbd7 9. Ne5 c5 10. Qe2 Qe7 11. f4 cxd4 12. exd4 Bb4 13. Nxd7 Qxd7 14. c3 Bd6 15.
Rae1 Rac8 16. f5 Qc7 17. g3 exf5 18. Bxf5 Rce8 19. Qf3 Ba6 20. Bd3 Bxd3 21. Qxd3
Qd7 22. Kg2 Re6 23. Rxe6 Qxe6 24. Nf3 Ne4 25. c4 f5 26. cxd5 Qxd5 27. Qc4 Nf6
28. Re1 b5 29. Qxd5+ Nxd5 30. Rc1 f4 31. Rc6 Ne3+ 32. Kf2 fxg3+ 33. Kxe3 gxh2
34. Nxh2 Bxh2 35. d5 h5 36. Rg6 Rf7 37. Rg2 Bd6 38. Rg6 Bf4+ 39. Ke4 h4 40. Be5
h3 41. Bxf4 Rxf4+ 42. Kxf4 h2 43. d6 h1=Q 44. d7 Qd5 0-1

[Event "FIDE World Blitz 2013"]
[Site "Khanty-Mansiysk RUS"]
[Date "2013.06.10"]
[Round "23.17"]
[White "Moiseenko, Alexander"]
[Black "Vasquez Schroeder, Rodrigo"]
[Result "1-0"]
[WhiteTitle "GM"]
[BlackTitle "GM"]
[WhiteElo "2711"]
[BlackElo "2542"]
[WhiteFideId "14102560"]
[BlackFideId "3400042"]
[EventDate "2013.06.09"]

1. d4 d5 2. c4 c6 3. Nf3 Nf6 4. Nc3 e6 5. Bg5 dxc4 6. a4 b5 7. axb5 cxb5 8. Nxb5
Qb6 9. Na3 Bxa3 10. Qa4+ Nc6 11. Qxa3 Ne4 12. e3 Qb4+ 13. Qxb4 Nxb4 14. Rc1 Nd3+
15. Bxd3 cxd3 16. Bf4 g5 17. Bg3 Bb7 18. Nd2 Nxd2 19. Kxd2 Bxg2 20. Rhg1 Be4 21.
f3 Bxf3 22. Kxd3 O-O 23. Bd6 f6 24. Bxf8 Rxf8 25. Rc7 Rb8 26. Ra1 Rxb2 27. Raxa7
Rb3+ 28. Kd2 Rb2+ 29. Kc3 Rb8 30. Rg7+ Kf8 31. Rxh7 Rc8+ 32. Kd3 Kg8 33. e4 f5
34. exf5 exf5 35. Rag7+ Kf8 36. Rf7+ Kg8 37. Rfg7+ Kf8 38. Rxg5 Be4+ 39. Ke3 Rc1
40. Kf4 Rf1+ 41. Ke5 Re1 42. Kf6 Ke8 43. Rg8# 1-0

[Event "FIDE World Blitz 2013"]
[Site "Khanty-Mansiysk RUS"]
[Date "2013.06.10"]
[Round "23.18"]
[White "Grachev, Boris"]
[Black "Pasiev, Rakhim"]
[Result "1-0"]
[WhiteTitle "GM"]
[BlackTitle "IM"]
[WhiteElo "2683"]
[BlackElo "2384"]
[WhiteFideId "4129199"]
[BlackFideId "24122475"]
[EventDate "2013.06.09"]

1. d4 d6 2. Nf3 Nd7 3. c4 Ngf6 4. g3 e5 5. Bg2 Be7 6. Nc3 O-O 7. O-O c6 8. Qc2
Re8 9. h3 Bf8 10. e4 a6 11. a4 a5 12. Be3 g6 13. Rad1 Qc7 14. Rfe1 Bg7 15. c5
dxc5 16. dxe5 Nxe5 17. Nxe5 Qxe5 18. f4 Qe7 19. e5 Nd5 20. Nxd5 cxd5 21. Rxd5 b6
22. Rd6 Rb8 23. Red1 Be6 24. Kh2 Red8 25. Bc6 Bf8 26. Qd2 Rdc8 27. Bd7 Bxd7 28.
Rxd7 Qe6 29. Ra7 Ra8 30. Rxa8 Rxa8 31. Qd5 Qe8 32. b3 Be7 33. Qd7 Qxd7 34. Rxd7
Kf8 35. Kg2 Rd8 36. Rxd8+ Bxd8 37. Kf3 Ke7 38. Ke4 Ke6 39. g4 f5+ 40. exf6 Bxf6
41. f5+ gxf5+ 42. gxf5+ Kd6 43. Bf4+ Kc6 44. Be5 Be7 45. Bg7 b5 46. f6 Bd6 47.
f7 c4 48. axb5+ Kxb5 49. bxc4+ Kxc4 50. f8=Q 1-0

[Event "FIDE World Blitz 2013"]
[Site "Khanty-Mansiysk RUS"]
[Date "2013.06.10"]
[Round "23.19"]
[White "Ghaem Maghami, Ehsan"]
[Black "Frolyanov, Dmitry"]
[Result "0-1"]
[WhiteTitle "GM"]
[BlackTitle "GM"]
[WhiteElo "2554"]
[BlackElo "2570"]
[WhiteFideId "12500739"]
[BlackFideId "4151976"]
[EventDate "2013.06.09"]

1. e4 e5 2. Nf3 Nf6 3. Nc3 Nc6 4. g3 Nxe4 5. Nxe4 d5 6. Nc3 d4 7. Bg2 dxc3 8.
bxc3 Bd6 9. O-O O-O 10. d4 exd4 11. cxd4 Bf5 12. Nh4 Bd7 13. c4 Be7 14. Nf3 Bf6
15. Rb1 Bg4 16. d5 Ne5 17. Ba3 Re8 18. Qb3 Bf5 19. Rbd1 Nxf3+ 20. Bxf3 Rb8 21.
c5 b6 22. c6 Be7 23. d6 Bxd6 24. Bxd6 cxd6 25. Qa3 Bh3 26. Qxa7 Re7 27. c7 Rxc7
28. Qa3 Bxf1 29. Kxf1 Rbc8 30. Rxd6 Qf8 31. Bg4 Rc6 32. Rd3 Qxa3 33. Rxa3 Rd8
34. Bf3 Rc2 35. Be4 Rb2 36. Ra7 g6 0-1

[Event "FIDE World Blitz 2013"]
[Site "Khanty-Mansiysk RUS"]
[Date "2013.06.10"]
[Round "23.20"]
[White "Kurnosov, Igor"]
[Black "Khairullin, Ildar"]
[Result "1/2-1/2"]
[WhiteTitle "GM"]
[BlackTitle "GM"]
[WhiteElo "2657"]
[BlackElo "2658"]
[WhiteFideId "4142527"]
[BlackFideId "4151348"]
[EventDate "2013.06.09"]

1. e4 e5 2. Nf3 d6 3. d4 exd4 4. Nxd4 Nf6 5. Nc3 Be7 6. g3 d5 7. e5 Ng4 8. e6
Nf6 9. exf7+ Kxf7 10. Bg2 Re8 11. O-O c6 12. Re1 Bg4 13. f3 Bd7 14. Bf4 Na6 15.
g4 c5 16. Nf5 Bxf5 17. gxf5 d4 18. Ne4 Nd5 19. Bd2 Nab4 20. f4 Kg8 21. Qh5 Rf8
22. Rac1 Qd7 23. Ng5 Bxg5 24. fxg5 Qxf5 25. Be4 Qf2+ 26. Kh1 g6 27. Bxg6 hxg6
28. Qxg6+ Kh8 29. Qh5+ Kg8 30. Qg6+ Kh8 31. Qh6+ Kg8 32. Qg6+ Kh8 1/2-1/2

[Event "FIDE World Blitz 2013"]
[Site "Khanty-Mansiysk RUS"]
[Date "2013.06.10"]
[Round "23.22"]
[White "Salem, A.R. Saleh"]
[Black "Potkin, Vladimir"]
[Result "1-0"]
[WhiteTitle "GM"]
[BlackTitle "GM"]
[WhiteElo "2531"]
[BlackElo "2647"]
[WhiteFideId "9301348"]
[BlackFideId "4131061"]
[EventDate "2013.06.09"]

1. d4 d5 2. c4 c6 3. Nc3 Nf6 4. Nf3 e6 5. Bg5 h6 6. Bh4 dxc4 7. e4 g5 8. Bg3 b5
9. Be2 Bb7 10. e5 Nd5 11. Nd2 Nd7 12. a4 Qb6 13. O-O a6 14. Nde4 O-O-O 15. Qd2
Kb8 16. Rfc1 Be7 17. a5 Qa7 18. b3 cxb3 19. Nxd5 cxd5 20. Nd6 Bxd6 21. exd6 f5
22. Bxb5 f4 23. Rc7 fxg3 24. Bxd7 Rh7 25. Bxe6 gxh2+ 26. Kxh2 Rxc7 27. dxc7+
Kxc7 28. Rc1+ Kb8 29. Qb4 Ka8 30. g3 Qb8 31. Qxb3 Qd6 32. Bh3 h5 33. Rb1 Rb8 34.
Qe3 g4 35. Bf1 h4 36. Rb6 hxg3+ 37. fxg3 Rh8+ 38. Kg1 Qf8 39. Bxa6 Bxa6 40.
Rxa6+ Kb7 41. Qb3+ 1-0

[Event "FIDE World Blitz 2013"]
[Site "Khanty-Mansiysk RUS"]
[Date "2013.06.10"]
[Round "23.23"]
[White "Gundavaa, Bayarsaikhan"]
[Black "Bezgodov, Alexei"]
[Result "1/2-1/2"]
[WhiteTitle "GM"]
[BlackTitle "GM"]
[WhiteElo "2516"]
[BlackElo "2482"]
[WhiteFideId "4901045"]
[BlackFideId "4105257"]
[EventDate "2013.06.09"]

1. e4 e5 2. Nf3 Nc6 3. Nc3 Nf6 4. d4 exd4 5. Nxd4 Nxe4 6. Nxe4 Qe7 7. Qd3 d5 8.
Nxc6 bxc6 9. f3 dxe4 10. Qxe4 Qxe4+ 11. fxe4 Be6 12. Bf4 Bd6 13. g3 Ke7 14.
O-O-O f6 15. Be2 a5 16. a3 Rab8 17. Rd2 Rb6 18. Rhd1 c5 19. Bxd6+ cxd6 20. c3 g5
21. Rf1 h5 22. h4 Rbb8 23. Rfd1 Rb6 24. Rf1 Rbb8 25. Rfd1 1/2-1/2

[Event "FIDE World Blitz 2013"]
[Site "Khanty-Mansiysk RUS"]
[Date "2013.06.10"]
[Round "23.24"]
[White "Kobalia, Mikhail"]
[Black "Ram, S. Krishnan"]
[Result "1-0"]
[WhiteTitle "GM"]
[WhiteElo "2651"]
[BlackElo "2248"]
[WhiteFideId "4119150"]
[BlackFideId "5010519"]
[EventDate "2013.06.09"]

1. e4 e6 2. d4 d5 3. Nd2 c5 4. Ngf3 cxd4 5. Nxd4 Nf6 6. e5 Nfd7 7. Bb5 Qc7 8.
N2f3 Nc6 9. Bf4 Bc5 10. O-O a6 11. Bxc6 bxc6 12. c4 Bxd4 13. Nxd4 c5 14. Nf3 Bb7
15. cxd5 Bxd5 16. Ng5 h6 17. Qh5 Nf8 18. Nh3 Qb7 19. f3 Ng6 20. Be3 Qxb2 21.
Bxc5 Qxe5 22. Qxe5 Nxe5 23. Nf4 Bc4 24. Rfc1 Rd8 25. Rab1 g5 26. Nh5 f5 27. Rb7
Rc8 28. Nf6+ Kd8 29. Be7# 1-0

[Event "FIDE World Blitz 2013"]
[Site "Khanty-Mansiysk RUS"]
[Date "2013.06.10"]
[Round "23.25"]
[White "Gordievsky, Dmitry"]
[Black "Popov, Ivan RUS"]
[Result "0-1"]
[WhiteTitle "FM"]
[BlackTitle "GM"]
[WhiteElo "2474"]
[BlackElo "2632"]
[WhiteFideId "24112798"]
[BlackFideId "4170350"]
[EventDate "2013.06.09"]

1. d4 d5 2. c4 c6 3. e3 Bf5 4. Nc3 e6 5. g4 Bg6 6. Nge2 Bd6 7. Nf4 Bxf4 8. exf4
h5 9. cxd5 cxd5 10. Bb5+ Nc6 11. f5 exf5 12. gxf5 Bxf5 13. Qf3 Ne7 14. Be3 Qd7
15. Rg1 Bg4 16. Qf4 f6 17. h3 Ng6 18. Qg3 Bf5 19. Kd2 Kf7 20. Rac1 a6 21. Ba4 b5
22. Bc2 Nce7 23. Ne2 Rac8 24. Bxf5 Qxf5 25. Qd6 Qe6 26. Qg3 h4 27. Qg2 Qf5 28.
Rc5 Rxc5 29. dxc5 Qe4 30. Nd4 Qxg2 31. Rxg2 Ne5 32. Rg1 N5c6 33. Ne2 g5 34. f4
gxf4 35. Bxf4 Nf5 36. Rf1 Re8 37. Nc3 d4 38. Nd5 Rd8 39. Nc7 Ng3 40. Rc1 Rd7 41.
Nxa6 Ne4+ 42. Kd3 Nf2+ 43. Ke2 Nxh3 44. Bh2 d3+ 45. Kd2 Ng5 46. Bd6 Ne4+ 47.
Kxd3 Nxd6 48. cxd6 Rxd6+ 49. Ke3 Ne7 50. Nc7 Nd5+ 51. Nxd5 Rxd5 52. Rc7+ Kg6 53.
Kf3 Rd2 54. b4 Rxa2 55. Rc5 h3 56. Kg3 h2 57. Rc1 Rb2 58. Rf1 f5 59. Kf3 Kf6 60.
Kg3 Kg5 61. Kh3 Kf6 62. Kg3 Ke5 63. Kf3 Rxb4 64. Re1+ Kf6 65. Kg2 Rh4 66. Kh1 b4
67. Rb1 Ke5 68. Re1+ Kd5 69. Rd1+ Kc4 70. Rc1+ Kb3 71. Rb1+ Ka2 72. Re1 b3 73.
Re8 b2 74. Ra8+ Kb3 75. Rb8+ Rb4 0-1

[Event "FIDE World Blitz 2013"]
[Site "Khanty-Mansiysk RUS"]
[Date "2013.06.10"]
[Round "23.26"]
[White "Lagno, Kateryna"]
[Black "Kabanov, Nikolai"]
[Result "1/2-1/2"]
[WhiteTitle "GM"]
[BlackTitle "GM"]
[WhiteElo "2542"]
[BlackElo "2472"]
[WhiteFideId "14109336"]
[BlackFideId "4127820"]
[EventDate "2013.06.09"]

1. Nf3 d6 2. d4 g6 3. e4 Nf6 4. Nc3 Bg7 5. Be2 a6 6. a4 O-O 7. O-O b6 8. h3 Bb7
9. e5 dxe5 10. dxe5 Qxd1 11. Rxd1 Ne4 12. Nd5 Bxd5 13. Rxd5 a5 14. Be3 Nc6 15.
c3 Rfd8 16. Rad1 Rxd5 17. Rxd5 Rd8 18. Bc4 e6 19. Rxd8+ Nxd8 20. Bd3 Nc5 21.
Bxc5 bxc5 22. Be4 Bh6 23. Kf1 c4 24. Ke2 Bc1 25. Kd1 Bxb2 26. Kc2 Ba3 27. Nd2
Bc5 28. Nxc4 Bxf2 29. Nxa5 Kf8 30. Nb3 Ke7 31. Nd4 Kd7 32. a5 c5 33. Nb3 Nc6 34.
a6 c4 35. Nd2 Nxe5 36. Nf3 Nc6 37. Ng5 f5 38. Bxc6+ Kxc6 39. Nxe6 Kb6 40. Nf8
Bh4 41. Nxh7 Be7 42. h4 Bxh4 43. Nf8 g5 44. Ne6 Kxa6 45. Nd4 f4 46. Nf3 Kb5 47.
Kb2 Kc5 48. Ka3 Kd5 49. Kb4 Ke4 50. Kxc4 Ke3 51. Kd5 Kf2 52. c4 Kxg2 53. c5 Bf2
54. c6 Bb6 55. Nxg5 f3 56. Nxf3 Kxf3 1/2-1/2

[Event "FIDE World Blitz 2013"]
[Site "Khanty-Mansiysk RUS"]
[Date "2013.06.10"]
[Round "23.27"]
[White "Al-Sayed, Mohammed"]
[Black "Nadanian, Ashot"]
[Result "0-1"]
[WhiteTitle "GM"]
[BlackTitle "IM"]
[WhiteElo "2498"]
[BlackElo "2428"]
[WhiteFideId "12100196"]
[BlackFideId "13300393"]
[EventDate "2013.06.09"]

1. d4 d5 2. c4 e6 3. Nc3 c5 4. cxd5 exd5 5. Nf3 Nc6 6. g3 Nf6 7. Bg2 Be7 8. O-O
O-O 9. Bf4 Be6 10. Rc1 Rc8 11. dxc5 Bxc5 12. Na4 Bb6 13. Nxb6 Qxb6 14. b3 Rfe8
15. Be3 Qa6 16. Qd2 Ne4 17. Qb2 h6 18. Rfd1 Rcd8 19. Nd4 Bc8 20. Nxc6 bxc6 21.
Rd4 c5 22. Ra4 Qb6 23. Bxe4 dxe4 24. Bxc5 Qb5 25. Bd4 f6 26. Rxa7 Qf5 27. Rcc7
Rd7 28. Qc3 Rxc7 29. Qxc7 Qg6 30. Kg2 e3 31. Bxe3 Bf5 32. Qc4+ Kh7 33. Qf7 Be4+
34. Kg1 Qxf7 35. Rxf7 Rc8 36. f3 Bb1 37. a4 Rc2 38. Kf2 Rb2 39. Re7 Rxb3 40. a5
Ra3 41. Bb6 Bf5 42. g4 Bc2 43. h4 h5 44. gxh5 Ra2 45. Kg3 Bd1 46. Kf2 Kh6 47.
Re8 Kxh5 48. Re7 Kxh4 49. Rxg7 Rxe2+ 50. Kf1 Ra2 51. f4 Bg4 52. Bd4 Kg3 53.
Rxg4+ Kxg4 0-1

[Event "FIDE World Blitz 2013"]
[Site "Khanty-Mansiysk RUS"]
[Date "2013.06.10"]
[Round "23.28"]
[White "Skatchkov, Pavel"]
[Black "Sibriaev, Aleksandr"]
[Result "1-0"]
[WhiteTitle "GM"]
[BlackTitle "FM"]
[WhiteElo "2486"]
[BlackElo "2239"]
[WhiteFideId "4121848"]
[BlackFideId "4116070"]
[EventDate "2013.06.09"]

1. e4 c5 2. b3 e5 3. Bb2 d6 4. Bc4 Nf6 5. Nc3 Be7 6. Nge2 a6 7. a4 O-O 8. O-O
Nc6 9. f4 Na5 10. f5 Nxc4 11. bxc4 Nd7 12. Nd5 Bg5 13. Rf3 Nb6 14. d3 Nxd5 15.
cxd5 g6 16. Rg3 Kh8 17. Qf1 Bd7 18. Nf4 Bf6 19. Nh3 b5 20. axb5 axb5 21. Rf3
Rxa1 22. Bxa1 gxf5 23. exf5 Qa8 24. Nf2 Qxd5 25. Ne4 Bd8 26. Rh3 f6 27. Qf3 Rg8
28. Rxh7+ Kxh7 29. Nxf6+ Bxf6 30. Qxd5 Be7 31. f6 Bxf6 32. Qf7+ Rg7 33. Qxf6 b4
34. Qxd6 Bh3 35. g3 1-0

[Event "FIDE World Blitz 2013"]
[Site "Khanty-Mansiysk RUS"]
[Date "2013.06.10"]
[Round "23.29"]
[White "Akbaev, Kazbek"]
[Black "Cherniaev, Alexander"]
[Result "0-1"]
[WhiteTitle "IM"]
[BlackTitle "GM"]
[WhiteElo "2475"]
[BlackElo "2447"]
[WhiteFideId "4131045"]
[BlackFideId "4117301"]
[EventDate "2013.06.09"]

1. Nf3 g6 2. d4 Bg7 3. c4 f5 4. Nc3 Nf6 5. e4 fxe4 6. Ng5 Nc6 7. d5 Ne5 8. Ngxe4
d6 9. Be2 c5 10. h3 O-O 11. f4 Nf7 12. O-O a6 13. a4 Rb8 14. Be3 Nxe4 15. Nxe4
Bxb2 16. Bd3 Bg7 17. Rb1 e6 18. Bc2 e5 19. g4 exf4 20. Bxf4 Qc7 21. Qd3 Bd7 22.
Bg3 Ne5 23. Bxe5 Bxe5 24. Ng5 Rbe8 25. Nxh7 Bf5 26. gxf5 Qxh7 27. fxg6 Qh4 28.
g7 Bxg7 29. Qg6 Qh6 30. Rxf8+ Rxf8 31. Qe6+ Kh8 32. Qxh6+ Bxh6 33. Rxb7 Be3+ 34.
Kh1 Rf4 35. Bd3 Rd4 36. Be2 Rd2 37. Bf3 Ra2 38. Rb8+ Kg7 39. Rb7+ Kh6 40. Rb6
Bf4 41. Rxa6 Kg5 42. Ra8 Kh4 43. Rg8 Kxh3 44. Bg4+ Kh4 45. Be6 Be5 46. Ra8 Kg3
47. Rg8+ Kf3 48. Rf8+ Ke3 49. Bd7 Kd4 50. Ra8 Kxc4 51. Bb5+ Kxd5 52. a5 c4 53.
a6 c3 54. Rc8 Kd4 55. Rc4+ Ke3 56. Rc8 Kd2 57. Bc4 Ra1+ 58. Kg2 c2 59. Bd5 c1=Q
60. Rxc1 Kxc1 61. Bb7 Kd2 62. Bc8 0-1

[Event "FIDE World Blitz 2013"]
[Site "Khanty-Mansiysk RUS"]
[Date "2013.06.10"]
[Round "23.30"]
[White "Byambaa, Zulzaga"]
[Black "Potapov, Pavel"]
[Result "0-1"]
[WhiteTitle "FM"]
[BlackTitle "IM"]
[WhiteElo "2285"]
[BlackElo "2460"]
[WhiteFideId "4900642"]
[BlackFideId "4169786"]
[EventDate "2013.06.09"]

1. e4 c5 2. Nf3 Nc6 3. Bb5 g6 4. O-O Bg7 5. Bxc6 bxc6 6. Nc3 Nh6 7. d3 f6 8. e5
fxe5 9. Nxe5 O-O 10. Ne4 d6 11. Nf3 Nf7 12. h3 h6 13. Re1 e5 14. c3 Kh7 15. Be3
Bf5 16. Rc1 g5 17. Ng3 Bg6 18. d4 e4 19. Nd2 d5 20. Qa4 Qd7 21. Red1 c4 22. Re1
Nd6 23. Qd1 Rf7 24. Qg4 Qc7 25. b3 cxb3 26. axb3 Raf8 27. c4 Qb7 28. cxd5 cxd5
29. Rc5 Nf5 30. Nxf5 Bxf5 31. Qd1 Rc8 32. Qc2 Rxc5 33. Qxc5 Rc7 34. Qd6 Qc6 35.
Qxc6 Rxc6 36. Ra1 a6 37. b4 Bf8 38. Ra4 Bd7 39. Nb3 Rb6 40. Ra5 Bxb4 41. Rxd5
Be6 42. Re5 Bxb3 43. Rxe4 a5 44. d5 Rd6 45. Re7+ Kg6 46. g4 Rxd5 47. Ra7 Rd1+
48. Kg2 Bd5+ 49. f3 Rb1 50. Bd4 Bf8 51. Rxa5 Be6 52. Ra6 Kf7 53. Ra7+ Ke8 54.
Ra8+ Kf7 55. Ra7+ Kg8 56. Ra8 Bd5 57. Rd8 Rb5 58. Be5 Kf7 59. Bc3 Be7 60. Rh8
Bf8 61. Rh7+ Kg8 62. Rc7 Rc5 63. Rxc5 Bxc5 64. Be5 Kf7 65. Kg3 Bb4 66. Kf2 Kg6
67. f4 Bc5+ 68. Kg3 Be3 69. fxg5 Bxg5 70. h4 Be7 71. Bf4 Be6 72. Be5 Bd8 73. Bf4
Kh7 74. Be5 Ba5 75. Bf4 Be1+ 76. Kf3 Bxh4 77. Be3 Bg5 78. Bd4 Bd5+ 79. Kg3 Kg6
80. Be5 Kf7 81. Bd4 Be4 82. Be5 Ke6 83. Bg7 Bg6 84. Bd4 Kd5 85. Bg7 Ke4 86. Bf8
Bf7 87. Bg7 Bd2 88. Bf8 Be6 89. Bg7 Be1+ 90. Kg2 Bd2 91. Kg3 Bf4+ 92. Kg2 Bxg4 0-1

[Event "FIDE World Blitz 2013"]
[Site "Khanty-Mansiysk RUS"]
[Date "2013.06.10"]
[Round "24.6"]
[White "Andreikin, Dmitry"]
[Black "Najer, Evgeniy"]
[Result "1-0"]
[WhiteTitle "GM"]
[BlackTitle "GM"]
[WhiteElo "2713"]
[BlackElo "2633"]
[WhiteFideId "4158814"]
[BlackFideId "4118987"]
[EventDate "2013.06.09"]

1. e4 c5 2. Nf3 d6 3. d4 cxd4 4. Qxd4 Nc6 5. Bb5 Bd7 6. Qd3 Nf6 7. O-O g6 8. c4
Bg7 9. Nc3 O-O 10. Bxc6 Bxc6 11. Nd4 Nd7 12. Be3 Rc8 13. b3 Qa5 14. Rac1 a6 15.
f3 Rfe8 16. Rfd1 Nc5 17. Qd2 Ne6 18. Nxe6 fxe6 19. Bd4 Bxd4+ 20. Qxd4 Rf8 21.
Qe3 Qe5 22. Re1 Kg7 23. Ne2 Bd7 24. Qb6 Qc5+ 25. Qxc5 Rxc5 26. Kf2 Rfc8 27. Ke3
g5 28. Rh1 h6 29. h4 b5 30. hxg5 Rxg5 31. cxb5 Rxc1 32. Rxc1 Bxb5 33. Nf4 Kf7
34. g4 e5 35. Nd5 e6 36. Nc7 h5 37. a4 Be8 38. gxh5 Rxh5 39. Nxa6 d5 40. Nc5 d4+
41. Kf2 Rh2+ 42. Kg3 Rb2 43. a5 Bb5 44. Ra1 d3 45. a6 Rc2 46. a7 Bc6 47. Nxd3 1-0

[Event "FIDE World Blitz 2013"]
[Site "Khanty-Mansiysk RUS"]
[Date "2013.06.10"]
[Round "24.8"]
[White "Safarli, Eltaj"]
[Black "Akopian, Vladimir"]
[Result "1-0"]
[WhiteTitle "GM"]
[BlackTitle "GM"]
[WhiteElo "2660"]
[BlackElo "2691"]
[WhiteFideId "13402129"]
[BlackFideId "13300032"]
[EventDate "2013.06.09"]

1. e4 c5 2. Nf3 Nc6 3. Bb5 Na5 4. c3 a6 5. Ba4 b5 6. Bc2 e6 7. O-O Nf6 8. d4
cxd4 9. cxd4 Bb7 10. d5 Rc8 11. Nc3 b4 12. Ne2 exd5 13. e5 Ne4 14. Nf4 Be7 15.
Bb3 Nxb3 16. axb3 Ng5 17. Nxd5 Nxf3+ 18. Qxf3 Rc5 19. Nf6+ Bxf6 20. Qxb7 Rxe5
21. Qxb4 Be7 22. Qd4 Bf6 23. Qb4 Be7 24. Qc3 Bf6 25. Rxa6 O-O 26. Be3 Re6 27.
Qd3 Bxb2 28. Rd1 Qb8 29. Rxe6 dxe6 30. Bc5 Rc8 31. b4 g6 32. g3 Bg7 33. Qd7 Bf8
34. Bxf8 Kxf8 35. b5 Rc4 36. Ra1 Qe5 37. Rb1 Rb4 38. Rxb4 Qe1+ 39. Kg2 Qxb4 40.
Qc6 Kg7 41. b6 e5 42. b7 e4 43. Qc7 Qb3 44. Qe5+ Kh6 45. Qf4+ Kg7 46. b8=Q 1-0

[Event "FIDE World Blitz 2013"]
[Site "Khanty-Mansiysk RUS"]
[Date "2013.06.10"]
[Round "24.9"]
[White "Ponkratov, Pavel"]
[Black "Inarkiev, Ernesto"]
[Result "1-0"]
[WhiteTitle "GM"]
[BlackTitle "GM"]
[WhiteElo "2605"]
[BlackElo "2680"]
[WhiteFideId "4157800"]
[BlackFideId "4162722"]
[EventDate "2013.06.09"]

1. e4 c5 2. Nf3 d6 3. d4 cxd4 4. Nxd4 Nf6 5. Nc3 a6 6. Be3 e6 7. Be2 Nbd7 8. g4
h6 9. f4 g5 10. fxg5 hxg5 11. Bxg5 b5 12. Bf3 Ne5 13. Qe2 Be7 14. O-O-O Bb7 15.
Bf4 Nfd7 16. Kb1 Rc8 17. Bc1 Nb6 18. g5 Rxc3 19. bxc3 Na4 20. Rd3 Bxg5 21. Bxg5
Qxg5 22. Ka1 Nxd3 23. cxd3 Nxc3 24. Qc2 b4 25. Ne2 Nb5 26. Qb2 Rh3 27. Rf1 Rxh2
28. Qxb4 Qe3 29. a4 Rxe2 30. axb5 Rh2 31. bxa6 Bxa6 32. Qb8+ Kd7 33. Qb4 Bxd3
34. Be2 Qa7+ 35. Kb2 Rxe2+ 36. Kc3 Bxe4 37. Rxf7+ Ke8 38. Rxa7 Rc2+ 39. Kd4 1-0

[Event "FIDE World Blitz 2013"]
[Site "Khanty-Mansiysk RUS"]
[Date "2013.06.10"]
[Round "24.10"]
[White "Tkachiev, Vladislav"]
[Black "Sargissian, Gabriel"]
[Result "1/2-1/2"]
[WhiteTitle "GM"]
[BlackTitle "GM"]
[WhiteElo "2649"]
[BlackElo "2671"]
[WhiteFideId "618438"]
[BlackFideId "13300881"]
[EventDate "2013.06.09"]

1. d4 Nf6 2. c4 e6 3. g3 Bb4+ 4. Bd2 a5 5. Bg2 d6 6. Nf3 Nbd7 7. O-O e5 8. Be3
exd4 9. Bxd4 O-O 10. Nc3 Re8 11. Qc2 Ne5 12. a3 Bxc3 13. Bxc3 Qe7 14. b3 h6 15.
Nd2 Bg4 16. Rfe1 c6 17. Nf1 Qe6 18. Ne3 Bh3 19. Bxe5 dxe5 20. Bxh3 Qxh3 21. Qf5
Qxf5 22. Nxf5 Red8 23. Red1 Ne4 24. Rac1 Kf8 25. f3 Nc5 26. b4 Nb3 27. Rb1 Nd2
28. Rbc1 Nb3 29. Rb1 a4 30. c5 Nd2 31. Rbc1 Nb3 32. Rb1 Nd2 33. Rbc1 Nb3 34. Rb1
Nd2 35. Rbc1 1/2-1/2